000 00608nam a2200241Ia 4500
005 20260306150822.0
008 008 260114s9999 xx 000 0 eng d
020 _a9783865279736
037 _aEbook
040 _aCRL
040 _beng
040 _cCRL
041 _2eng
041 _aeng
084 _qCRL
245 0 _aEmblemática y religión en la Península Ibérica (Siglo de Oro)
260 _bVervuert Verlagsgesellschaft
260 _c2010
650 _aLiterary Studies
856 _uhttps://www.degruyter.com/isbn/9783865279736
942 _cEBOOK
999 _c1699888
_d1699888